| 000 | 00732cam a2200253 4500 | ||
|---|---|---|---|
| 001 | D15193 | ||
| 008 | 090401t1971 xxu||||| |||| 00| 0 eng d | ||
| 035 | _a(Sirsi) u20938 | ||
| 041 | _aeng | ||
| 050 | _a692.50973 | ||
| 090 | _aRICS 1971/55ABD | ||
| 110 |
_aRoyal Institution of Chartered Surveyors _94900 |
||
| 245 | _aChartered quantity surveyors mission to the United States, October/November, 1971: report by the mission | ||
| 260 |
_bRICS _c1971 |
||
| 300 | _a45p | ||
| 350 | _a0 | ||
| 520 | _aFiled in Archives box 1971/55A | ||
| 650 | _aQUANTITY SURVEYORS | ||
| 650 | _aUNITED STATES | ||
| 690 |
_aQuantity surveying _96263 |
||
| 710 |
_aQuantity Surveying Division _9854 |
||
| 942 | _n0 | ||
| 948 | _c04/03/1997 | ||
| 999 |
_c87899 _d87899 |
||